Statistics for Countries and Capitals with Saint

Click here to take the quiz!

General Stats

  • This quiz has been taken 58 times
    (56 since last reset)
  • The average score is 11 of 15

Answer Stats

Answer% Correct
Saint Kitts and Nevis
96%
Saint Lucia
94%
Saint Vincent and the Grenadines
92%
San Marino
76%
Santo Domingo
73%
San Salvador
71%
Sao Tome
71%
Sao Tome and Principe
71%
Saint George's
61%
San José
61%
Saint John's
59%
Santiago
55%
Santa Fe
51%
Saint Paul
43%

Score Distribution

Percentile by Number Answered

Percent of People with Each Score

Your Score History

You have not taken this quiz since the last reset